000 00474nam a2200157Ia 4500
008 151021s9999 xx 000 0 und d
050 _aLB 239.5.C27 2005
245 _a_Keys to effective learning Developing powerful habits of mind [4th ed]
260 _aNew Jersey pearson 2005
300 _axliii,414p;ill.
500 _aIncludes index
500 _aIncludes index
650 _a_study skills
700 _a_Joyce Bishop
980 _a^d20120808 05:24:26^oanne
999 _c12264
_d12264